Wszystkie państwa w których był IShowSpeed - Statystyki

Ogólne statystyki
  • Ten quiz został rozwiązany 19 razy
  • Średni wynik to 48 z 58
Statystyki odpowiedzi
Hint Odpowiedź % Poprawnych
Ameryka Południowa Argentyna
100%
Europa Finlandia
100%
Europa Francja
100%
Europa Norwegia
100%
Europa Polska
100%
Europa Szwecja
100%
Oceania Australia
94%
Europa Belgia
94%
Ameryka Południowa Brazylia
94%
Azja Chiny
94%
Europa Estonia
94%
Azja Indie
94%
Azja Korea Południowa
94%
Europa Litwa
94%
Europa Łotwa
94%
Oceania Nowa Zelandia
94%
Europa Portugalia
94%
Ameryka Północna Stany Zjednoczone
94%
Europa Szwajcaria
94%
Europa Austria
88%
Europa Bośnia i Hercegowina
88%
Europa Czechy
88%
Europa Hiszpania
88%
Europa Holandia
88%
Azja Indonezja
88%
Azja Japonia
88%
Europa Słowacja
88%
Azja Tajlandia
88%
Ameryka Południowa Urugwaj
88%
Europa Węgry
88%
Ameryka Południowa Boliwia
81%
Europa Bułgaria
81%
Europa Chorwacja
81%
Europa Dania
81%
Europa Niemcy
81%
Ameryka Południowa Paragwaj
81%
Europa Rumunia
81%
Europa Słowenia
81%
Europa Albania
75%
Ameryka Południowa Chile
75%
Europa Grecja
75%
Europa Irlandia
75%
Ameryka Południowa Kolumbia
75%
Azja Malezja
75%
Ameryka Południowa Peru
75%
Europa Serbia
75%
Azja Singapur
75%
Europa Wielka Brytania
75%
Azja Wietnam
75%
Europa Włochy
75%
Ameryka Południowa Ekwador
69%
Europa Monako
69%
Azja Arabia Saudyjska
63%
Ameryka Północna Panama
63%
Azja Kambodża
56%
Azja Katar
56%
Azja Mongolia
56%
Ameryka Północna Gwatemala
50%
Nie znaleziono quizów pasujących do podanych kryteriów
Rozkład punktacji
Procent ludzi z każdym wynikiem
Percentyl według liczby udzielonych odpowiedzi
Twoja historia wyników
Nie rozwiązałeś tego quizu